Word processing exercises

Bibliographic Details
Main Author: Lyon, J.Alan
Format: Book
Published: Oxford : Heinemann , 1983
Subjects:

MARC

LEADER 00000cam a2200000 7i4500
001 0000006052
002 000006541
005 20000330.0
020 |a 0435450999 
090 0 0 |a 651.8   |b LYO 
100 1 |a Lyon, J.Alan 
245 1 0 |a Word processing exercises   |c J.Alan Lyon 
260 |a Oxford :   |b Heinemann ,   |c 1983 
300 |a 140p. ;   |c 29cm. 
650 0 0 |a Word processing coffice pratice   |x Programmed Instrucation 
999 |a 037883   |b BUKU   |c PINJAMAN   |e PERPUSTAKAAN KOMUNITI PETALING JAYA 
999 |a 042886   |b BUKU   |c PINJAMAN   |e PERPUSTAKAAN KOMUNITI PETALING JAYA 
999 |a 042887   |b BUKU   |c PINJAMAN   |e PERPUSTAKAAN KOMUNITI PETALING JAYA 
999 |a 042888   |b BUKU   |c PINJAMAN   |e PERPUSTAKAAN KOMUNITI PETALING JAYA